Statistics for The Grinning Man - Brand New World of Feeling - Missing Lyrics

Click here to take the quiz!

General Stats

  • This quiz has been taken 2 times
  • The average score is 18 of 21

Answer Stats

Answer % Correct
{Waiting} for a brand new world of feeling
100%
I felt nothing till I felt your {broken} soul
100%
I'm {dying} at the river bank
100%
Come {find} me at the river bank
100%
I-I-I-I-I wasn't living till you gave me {life} today
100%
I find out {who} I am?
100%
Has opened up my {heart} and given me life
100%
But the music of your {story} has opened my eyes
100%
Its emptiness and pain, like the cut of a {knife}
100%
What no one else has {seen}?
100%
{How} can she see
100%
{Breathing} in a brand new world of feeling
100%
With a sh-sh-{shiver} of pain I'm breathing again
100%
I knew nothing till I saw your {face} today
100%
We're going to {build} a brand new world of feeling
100%
{What} can this be?
50%
What's {happening} now?
50%
{Could} this be how
50%
I'm {sighing} at the river bank
50%
I heard nothing till I heard your {tale} today
50%
I'm {crying} at the river bank
0%

Score Distribution

Percentile by Number Answered

Percent of People with Each Score

Your Score History

You have not taken this quiz